00460nam a2200181 a 4500001001300000003000900013005001700022008004100039020001000080082001600090100001600106245003500122260004500157300000900202500003500211505001000246650002200256nice12345678IN_TiNIC20260116011618.0050524s1936 lona grp 000 0 eng  ac10000a297.63bAND aAndrea, Tor aMohammad the Man and His Faith aLondonbGeorge Allen and Unwin Ltdc1936 a274p aincludes index and biblioraphy2 aIndex aMuhammad, Prophet